Lion King Voices Quiz Stats

 Plays Quiz Updated Dec 10, 2018

     
Support Sporcle.
Go Orange.
Score 0/12 Timer 03:00
0 Plays Today
Character Name Actor or Actress % Correct
MufasaJames Earl Jones
79.1%
ShenziWhoopi Goldberg
77.4%
Young SimbaJonathan Taylor Thomas
56.3%
SimbaMatthew Broderick
53%
TimonNathan Lane
50.6%
ScarJeremy Irons
50.6%
ZazuRowan Atkinson
30%
BanzaiCheech Marin
25.7%
NalaMoira Kelly
11.3%
PumbaaErnie Sabella
10.7%
RafikiRobert Guillaume
10.3%
SarabiMadge Sinclair
6.4%

From the Vault

Movie Title Typos

by mossef

Movies 10m
We can't wait for the sequel, Sad Max: Beyond Blunderdome.
Remove Ads.
Support Sporcle.
Get the best of Sporcle when you Go Orange. This ad-free experience offers more features, more stats, and more fun while also helping to support Sporcle. Thank you for becoming a member.

Show Comments

Extras

Top Quizzes Today


Score Distribution

Your Account Isn't Verified!

In order to create a playlist on Sporcle, you need to verify the email address you used during registration. Go to your Sporcle Settings to finish the process.

Report this User

Report this user for behavior that violates our Community Guidelines.

Details: